Statistiques concernant Les 15 métropoles françaises

Cliquez ici pour prendre le quiz!

Statistiques générales

  • Ce quiz a été pris 767 fois
  • Le résultat moyen est 13 sur 15

Statistiques - réponses

Nombre d'habitantsMétropole% Correct
6 968 051Paris
100%
1 841 459Marseille
99%
1 354 476Lyon
97%
1 119 877Lille
96%
737 492Bordeaux
94%
725 091Toulouse
94%
537 769Nice
93%
602 923Nantes
91%
482 384Strasbourg
91%
420 707Rennes
87%
434 101Montpellier
78%
439 974Grenoble
69%
206 719Brest
66%
488 630Rouen
63%
262 445Nancy
58%

Distribution des résultats

Percentile par nombre de réponses

% des personnes avec chaque résultat

Votre développement - résultats

Vous n’avez pas pris ce quiz